000 00574nam a2200121Ia 4500
008 220615s9999||||xx |||||||||||||| ||und||
245 0 _aAir Quality Integrated Assessment: A European Perspective
546 _aEnglish[eng]
650 _aair quality||air pollution||environmental analysis
700 _aGuariso, Giorgio||Volta, Marialuisa
856 _uhttps://library.oapen.org/bitstream/20.500.12657/27859/1/1002145.pdf||https://library.oapen.org/bitstream/20.500.12657/27859/1/1002145.pdf||https://library.oapen.org/bitstream/20.500.12657/27859/1/1002145.pdf
942 _cEB
999 _c11136
_d11136